| 000 | 00634nam a2200181Ia 4500 | ||
|---|---|---|---|
| 008 | 151202s9999||||xx |||||||||||||| ||und|| | ||
| 082 | _bPNVM-76252 | ||
| 100 | _aदेवकुळे सुजाता. | ||
| 245 | _aआर्ट ऑफ कोलाज भाग 1. | ||
| 260 | _b"सकाळ प्रकाशन, पुणे." | ||
| 260 | _c0 | ||
| 300 | _a24 | ||
| 600 | _aदेवकुळे सुजाता. | ||
| 630 | _aआर्ट ऑफ कोलाज भाग 1. | ||
| 700 | _aदेवकुळे सुजाता. | ||
| 730 | _aआर्ट ऑफ कोलाज भाग 1. | ||
| 942 | _cBOOK | ||
| 999 |
_c1342911 _d1342908 |
||